[Event "British Columbia-ch"]
[Site "Vancouver CAN"]
[Date "1997.06.14"]
[Round "6"]
[White "Ferguson, Jim"]
[Black "Seid, Hee"]
[Result "1-0"]
[WhiteElo "2217"]
[BlackElo "2174"]
[PlyCount "83"]
[GameId "2160767911965658"]
[EventDate "1997.06.11"]
[EventType "tourn"]
[EventRounds "7"]
[EventCountry "CAN"]

1. d4 g6 2. Nf3 Bg7 3. c4 c5 4. d5 d6 5. e4 Na6 6. Nc3 Nc7 7. Be2 a6 8. O-O Rb8 9. Re1 Bg4 10. Bf4 f6 11. a4 b6 12. Qd2 h5 13. h3 Bxf3 14. Bxf3 Bh6 15. Ne2 Kf8 16. Qc2 Qe8 17. Bh2 Kg7 18. a5 bxa5 19. Rxa5 Rb4 20. b3 Qb8 21. Ra3 Bg5 22. Nc3 Nh6 23. Be2 Nf7 24. f4 Bh6 25. Bd3 g5 26. e5 gxf4 27. exd6 exd6 28. Bg6 Re8 29. Rf1 Re5 30. Bxf7 Kxf7 31. Qh7+ Bg7 32. Bxf4 Rxb3 33. Bxe5 dxe5 34. Ne4 Ne8 35. Rxa6 Rb6 36. Qxh5+ Kf8 37. Ra5 Rb2 38. Nxc5 Qb6 39. Rfa1 Nc7 40. Kh2 Qd6 41. Ra8+ Nxa8 42. Rxa8+ 1-0

[Event "British Columbia-ch"]
[Site "Vancouver CAN"]
[Date "1997.06.14"]
[Round "6"]
[White "Fuentebella, Mayo"]
[Black "Kostadinov, George"]
[Result "1-0"]
[WhiteElo "2250"]
[BlackElo "2261"]
[PlyCount "95"]
[GameId "2160767911965659"]
[EventDate "1997.06.11"]
[EventType "tourn"]
[EventRounds "7"]
[EventCountry "CAN"]

1. c4 e5 2. Nc3 Nc6 3. Nf3 d6 4. d4 exd4 5. Nxd4 Nf6 6. e4 Be7 7. Be2 O-O 8. Be3 Re8 9. O-O Ne5 10. h3 c6 11. f4 Ng6 12. Bd3 Bf8 13. Qf3 Qc7 14. Rac1 b6 15. g4 Bb7 16. g5 Nd7 17. Bb1 a5 18. Qg3 Nc5 19. h4 d5 20. cxd5 cxd5 21. h5 Ne7 22. e5 Qd7 23. f5 Nc6 24. Nxc6 Bxc6 25. Rcd1 Qb7 26. Bd4 Ne4 27. Nxe4 dxe4 28. g6 h6 29. f6 Bd5 30. fxg7 Bxg7 31. gxf7+ Bxf7 32. e6 Bxe6 33. Bxe4 Qe7 34. Qg6 Qg5+ 35. Qxg5 hxg5 36. Bxa8 Rxa8 37. Bxg7 Kxg7 38. Rd6 Bxa2 39. Rxb6 Rd8 40. Rg6+ Kh7 41. Rxg5 Rd2 42. Rf2 Rd1+ 43. Kh2 a4 44. Kg3 Rd3+ 45. Kf4 a3 46. Ra5 axb2 47. Rxb2 Bd5 48. Rb6 1-0

[Event "British Columbia-ch"]
[Site "Vancouver CAN"]
[Date "1997.06.14"]
[Round "6"]
[White "Milicevic, Dragoljub"]
[Black "Neufahrt, Gerhard"]
[Result "1-0"]
[WhiteElo "2245"]
[BlackElo "2198"]
[PlyCount "49"]
[GameId "2160767911965660"]
[EventDate "1997.06.11"]
[EventType "tourn"]
[EventRounds "7"]
[EventCountry "CAN"]

1. Nf3 Nf6 2. g3 Nc6 3. d4 e6 4. Bg2 d5 5. O-O Bd6 6. b3 e5 7. dxe5 Nxe5 8. Bb2 Ng6 9. Nbd2 O-O 10. c4 c6 11. Qc2 Re8 12. e3 Bd7 13. Rad1 Qc8 14. Bxf6 gxf6 15. e4 dxc4 16. Nxc4 Be5 17. Nfxe5 Nxe5 18. Nd6 Qc7 19. Nxe8 Rxe8 20. f4 Ng4 21. Qc5 f5 22. h3 Nh6 23. Qd6 Qxd6 24. Rxd6 Be6 25. g4 1-0

[Event "British Columbia-ch"]
[Site "Vancouver CAN"]
[Date "1997.06.14"]
[Round "6"]
[White "Wu, Howard"]
[Black "Wright, Stephen"]
[Result "0-1"]
[WhiteElo "2108"]
[BlackElo "2183"]
[PlyCount "70"]
[GameId "2160767911965661"]
[EventDate "1997.06.11"]
[EventType "tourn"]
[EventRounds "7"]
[EventCountry "CAN"]

1. Nf3 f5 2. g3 Nf6 3. Bg2 g6 4. O-O Bg7 5. d4 O-O 6. c4 d6 7. Nc3 Qe8 8. d5 Na6 9. Nd4 Bd7 10. h3 c6 11. Be3 Nc7 12. Rc1 c5 13. Nc2 Nh5 14. Qd2 f4 15. Bxf4 Nxf4 16. gxf4 Qc8 17. Qe3 Bh6 18. Qxe7 Bxh3 19. Ne4 Bxg2 20. Kxg2 Qg4+ 21. Ng3 Bxf4 22. Qxc7 Rf7 23. Qa5 Bxc1 24. Rxc1 h5 25. Ne3 Qg5 26. Qc3 Raf8 27. Rg1 Rxf2+ 28. Kh3 R8f4 29. Ngf5 Rh4+ 30. Nxh4 Qxg1 31. Nhg2 Rxe2 32. Qd3 Qh1+ 33. Kg3 h4+ 34. Kf3 Rxg2 35. Nxg2 Qh3+ 0-1

[Event "British Columbia-ch"]
[Site "Vancouver CAN"]
[Date "1997.06.14"]
[Round "7"]
[White "Kostadinov, George"]
[Black "Ferguson, Jim"]
[Result "1/2-1/2"]
[WhiteElo "2261"]
[BlackElo "2217"]
[PlyCount "102"]
[GameId "2160767911965662"]
[EventDate "1997.06.11"]
[EventType "tourn"]
[EventRounds "7"]
[EventCountry "CAN"]

1. d4 g6 2. c4 Bg7 3. Nc3 d6 4. e4 Nf6 5. Nf3 O-O 6. Be2 e5 7. d5 a5 8. O-O Na6 9. Ne1 Nc5 10. f3 Ne8 11. Nd3 f5 12. Be3 Nxd3 13. Bxd3 f4 14. Bf2 b6 15. a3 g5 16. b4 g4 17. Be2 Nf6 18. fxg4 axb4 19. g5 Ne8 20. axb4 Rxa1 21. Qxa1 Qxg5 22. Kh1 Rf6 23. Qa8 Rg6 24. Bf3 Bd7 25. c5 bxc5 26. bxc5 Bf8 27. c6 Bg4 28. Qxe8 Bxf3 29. Qxg6+ hxg6 30. gxf3 Qh5 31. Kg2 Qg5+ 32. Kh1 Qh5 33. Be1 Qh3 34. Rf2 Be7 35. Ne2 Bh4 36. Ng1 Qc8 37. Re2 Bxe1 38. Rxe1 g5 39. Re2 Kf7 40. Rg2 Kf6 41. Rg4 Qa6 42. h4 gxh4 43. Rxh4 Kg7 44. Rh2 Qa1 45. Rg2+ Kf7 46. Kh2 Qe1 47. Rb2 Ke7 48. Rb8 Qd2+ 49. Kh1 Qf2 50. Rc8 Qb6 51. Kg2 Kf6 1/2-1/2

[Event "British Columbia-ch"]
[Site "Vancouver CAN"]
[Date "1997.06.14"]
[Round "7"]
[White "Neufahrt, Gerhard"]
[Black "Wu, Howard"]
[Result "0-1"]
[WhiteElo "2198"]
[BlackElo "2108"]
[PlyCount "52"]
[GameId "2160767911965663"]
[EventDate "1997.06.11"]
[EventType "tourn"]
[EventRounds "7"]
[EventCountry "CAN"]

1. Nf3 g6 2. d4 c5 3. c3 Bg7 4. dxc5 Na6 5. Be3 Qc7 6. Qd5 Nf6 7. Qe5 Qc6 8. Nd4 Qxc5 9. Qxc5 Nxc5 10. Nb3 Nxb3 11. axb3 a6 12. g3 Nd5 13. Bd2 O-O 14. c4 Nf6 15. Bg2 d6 16. Nc3 Rb8 17. Bg5 Be6 18. e4 h6 19. Bd2 b5 20. Nd5 bxc4 21. Nxe7+ Kh7 22. b4 Rbe8 23. Nc6 Bd5 24. Rxa6 Nxe4 25. Be3 c3 26. O-O Bc4 0-1

[Event "British Columbia-ch"]
[Site "Vancouver CAN"]
[Date "1997.06.14"]
[Round "7"]
[White "Seid, Hee"]
[Black "Milicevic, Dragoljub"]
[Result "0-1"]
[WhiteElo "2174"]
[BlackElo "2245"]
[PlyCount "84"]
[GameId "2160767911965664"]
[EventDate "1997.06.11"]
[EventType "tourn"]
[EventRounds "7"]
[EventCountry "CAN"]

1. Nf3 f5 2. g3 Nf6 3. Bg2 g6 4. O-O Bg7 5. d4 O-O 6. Bg5 Ne4 7. c3 c6 8. Nbd2 Nxg5 9. Nxg5 e5 10. Ngf3 e4 11. Ne1 d5 12. f4 Be6 13. e3 Nd7 14. Rf2 Qe7 15. Bf1 Kh8 16. Ng2 Bf6 17. Be2 Rg8 18. a4 h6 19. a5 c5 20. Nb3 c4 21. Nd2 Rac8 22. b3 cxb3 23. Qxb3 Rc7 24. c4 dxc4 25. Bxc4 Nc5 26. Qb4 Bxc4 27. Nxc4 Nd3 28. Qxe7 Bxe7 29. Rc2 Rgc8 30. Ra4 Bb4 31. Nh4 Rxc4 32. Nxg6+ Kg7 33. Rxc4 Rxc4 34. Ne5 Rc1+ 35. Kg2 Rc2+ 36. Kf1 Bd2 37. Rc4 Rxc4 38. Nxc4 Bb4 39. Ke2 Kf6 40. Kd1 Ke6 41. Kc2 Kd5 42. Kb3 Be1 0-1

[Event "British Columbia-ch"]
[Site "Vancouver CAN"]
[Date "1997.06.14"]
[Round "7"]
[White "Wright, Stephen"]
[Black "Fuentebella, Mayo"]
[Result "0-1"]
[WhiteElo "2183"]
[BlackElo "2250"]
[PlyCount "78"]
[GameId "2160767911965665"]
[EventDate "1997.06.11"]
[EventType "tourn"]
[EventRounds "7"]
[EventCountry "CAN"]

1. d4 Nf6 2. Bg5 d5 3. Bxf6 exf6 4. e3 Be6 5. Bd3 c6 6. Nf3 Bd6 7. Nbd2 O-O 8. O-O f5 9. c4 Nd7 10. Rc1 h6 11. Qc2 g6 12. cxd5 cxd5 13. Qb3 Qb8 14. g3 Nf6 15. a4 Ne4 16. Rc2 Kg7 17. Rfc1 Rd8 18. Bf1 Rd7 19. Bb5 Re7 20. Bf1 f6 21. a5 a6 22. Bg2 Qd8 23. Qa2 Bb4 24. Nb3 Bd7 25. Ne1 Bb5 26. Bf1 Bxf1 27. Kxf1 Qd7 28. Kg2 Qb5 29. Rd1 Nd6 30. Nd3 Nc4 31. Nxb4 Qxb4 32. Ra1 Rxe3 33. Rxc4 dxc4 34. fxe3 cxb3 35. Qa4 Qd2+ 36. Kf3 g5 37. Qd7+ Kg6 38. g4 fxg4+ 39. Qxg4 f5 0-1

[Event "Burlington Winter op"]
[Site "Burlington CAN"]
[Date "1997.02.08"]
[Round "3"]
[White "Zakrajsek, Aljosa"]
[Black "Neal, Leslie"]
[Result "0-1"]
[WhiteElo "2050"]
[BlackElo "1717"]
[PlyCount "58"]
[GameId "2160767911966487"]
[EventDate "1997.02.08"]
[EventType "swiss"]
[EventRounds "5"]
[EventCountry "CAN"]
[SourceTitle "CFC 1997.04"]
[SourceDate "2011.01.01"]
[SourceVersion "1"]
[SourceVersionDate "2011.01.01"]
[SourceQuality "1"]

1. d4 Nf6 2. c4 g6 3. Nc3 Bg7 4. e4 d6 5. Nf3 O-O 6. Be2 Nbd7 7. O-O e5 8. d5 Nc5 9. Qc2 a5 10. Ne1 Ne8 11. Nd3 Nxd3 12. Bxd3 f5 13. f3 f4 14. Bd2 g5 15. Be2 h5 16. Rfd1 g4 17. Be1 Kf7 18. a3 Qg5 19. b4 gxf3 20. Bxf3 Bg4 21. Kh1 h4 22. c5 Nf6 23. Nb5 h3 24. cxd6 hxg2+ 25. Qxg2 Rh8 26. Bxg4 Nxg4 27. h4 Rxh4+ 28. Bxh4 Qxh4+ 29. Kg1 Ne3 0-1

[Event "CAN-ch Amateur"]
[Site "Kamloops CAN"]
[Date "1997.08.27"]
[Round "5"]
[White "Kuczaj, Chris"]
[Black "Gibney, Eugene"]
[Result "0-1"]
[WhiteElo "2151"]
[BlackElo "2162"]
[PlyCount "58"]
[GameId "2160767911932159"]
[EventDate "1997.08.23"]
[EventType "swiss"]
[EventRounds "8"]
[EventCountry "CAN"]
[SourceTitle "CFC 1997.12"]

1. d4 d5 2. Nf3 Nc6 3. c4 Bg4 4. cxd5 Bxf3 5. exf3 Qxd5 6. Be3 e6 7. Nc3 Qd7 8. Bb5 Nge7 9. O-O O-O-O 10. Qa4 Kb8 11. Rfd1 a6 12. Be2 g6 13. Rac1 Bg7 14. d5 exd5 15. b4 Bxc3 16. Rxc3 Nd4 17. Qxd7 Nxe2+ 18. Kf1 Rxd7 19. Kxe2 Nc6 20. Rb3 Re8 21. Kf1 b5 22. Bc5 Kb7 23. Re3 Red8 24. f4 d4 25. Red3 Rd5 26. a3 R8d7 27. R1d2 Nd8 28. g3 Ne6 29. Rc2 Nxc5 0-1

[Event "CAN-ch U10"]
[Site "Toronto CAN"]
[Date "1997.01.31"]
[Round "1"]
[White "Buscar, Michael"]
[Black "Miller, Max"]
[Result "0-1"]
[WhiteElo "1689"]
[BlackElo "1488"]
[PlyCount "126"]
[GameId "2160767911966544"]
[EventDate "1997.01.31"]
[EventType "swiss"]
[EventRounds "5"]
[EventCountry "CAN"]
[SourceTitle "EXT 2002"]
[Source "ChessBase"]
[SourceDate "2001.11.25"]
[SourceVersion "1"]
[SourceVersionDate "2001.11.25"]
[SourceQuality "1"]

1. e4 c5 2. Nf3 Nc6 3. Bc4 d6 4. Nc3 Nf6 5. d3 g6 6. O-O Bg7 7. Be3 O-O 8. d4 cxd4 9. Nxd4 Nxd4 10. Bxd4 a6 11. Nd5 Nxd5 12. Bxg7 Kxg7 13. Bxd5 e6 14. Bb3 b5 15. a3 Bb7 16. Re1 Qb6 17. c3 Rad8 18. Qd4+ Qxd4 19. cxd4 d5 20. exd5 Bxd5 21. Bxd5 Rxd5 22. Rad1 Rfd8 23. Re4 e5 24. f3 Rxd4 25. Rdxd4 exd4 26. Kf2 Rc8 27. Rxd4 Rc2+ 28. Kf1 Rxb2 29. Rd6 a5 30. Ra6 a4 31. Kg1 Rb3 32. Rb6 g5 33. h3 f6 34. Kh2 h5 35. Rb7+ Kg6 36. Rb8 Kf5 37. Kg3 h4+ 38. Kf2 Kf4 39. Rd8 Rxa3 40. Rd4+ Ke5 41. Re4+ Kd5 42. Re2 Rd3 43. Rb2 Kc4 44. Rc2+ Rc3 45. Re2 a3 46. Re6 a2 47. Ra6 Rc2+ 48. Ke3 Rxg2 49. Rc6+ Kb3 50. Ra6 Kb2 51. Ke4 a1=Q 52. Rxa1 Kxa1 53. Kf5 b4 54. Kxf6 b3 55. f4 gxf4 56. Ke5 f3 57. Ke4 f2 58. Ke5 f1=Q 59. Kd4 Rd2+ 60. Kc3 Qc1+ 61. Kxb3 Rb2+ 62. Ka4 Qc8 63. Ka5 Qa8# 0-1

[Event "CAN-ch U10"]
[Site "Toronto CAN"]
[Date "1997.01.31"]
[Round "1"]
[White "Fournier, Paul"]
[Black "Sharp, Nigel"]
[Result "0-1"]
[WhiteElo "865"]
[BlackElo "1457"]
[PlyCount "56"]
[GameId "2160767911966545"]
[EventDate "1997.01.31"]
[EventType "swiss"]
[EventRounds "5"]
[EventCountry "CAN"]
[SourceTitle "EXT 2002"]
[Source "ChessBase"]
[SourceDate "2001.11.25"]
[SourceVersion "1"]
[SourceVersionDate "2001.11.25"]
[SourceQuality "1"]

1. e4 c5 2. Nf3 d6 3. Nc3 Nf6 4. Be2 g6 5. d3 Bg7 6. Be3 O-O 7. Qd2 Nc6 8. O-O-O Bg4 9. Rdg1 Qd7 10. h3 Bxf3 11. Bxf3 Ne5 12. Qe2 Nxf3 13. Qxf3 Rac8 14. Qg3 c4 15. dxc4 Rxc4 16. Kb1 Nxe4 17. Nxe4 Rxe4 18. Bxa7 Qb5 19. Qb3 Rb4 20. Qxb4 Qxb4 21. b3 Qa3 22. c3 Bxc3 23. Kc2 Qb2+ 24. Kd3 Qd2+ 25. Kc4 Rc8+ 26. Kb5 Qd5+ 27. Bc5 Qxc5+ 28. Ka4 Qb4# 0-1

[Event "CAN-ch U10"]
[Site "Toronto CAN"]
[Date "1997.01.31"]
[Round "1"]
[White "Leung, Victor"]
[Black "Ramaswamy, Kishor"]
[Result "1-0"]
[WhiteElo "1085"]
[BlackElo "1348"]
[PlyCount "82"]
[GameId "2160767911966546"]
[EventDate "1997.01.31"]
[EventType "swiss"]
[EventRounds "5"]
[EventCountry "CAN"]
[SourceTitle "EXT 2002"]
[Source "ChessBase"]
[SourceDate "2001.11.25"]
[SourceVersion "1"]
[SourceVersionDate "2001.11.25"]
[SourceQuality "1"]

1. Nf3 d5 2. d4 Nf6 3. e3 Bg4 4. h3 Bh5 5. Be2 Nc6 6. O-O e6 7. Nc3 Bb4 8. Bd2 O-O 9. a3 Bxc3 10. Bxc3 Ne4 11. Ne5 Nxe5 12. dxe5 Nxc3 13. bxc3 Bxe2 14. Qxe2 f6 15. f4 fxe5 16. fxe5 Qg5 17. Qb5 Qxe5 18. Qxb7 Qxe3+ 19. Kh1 Qxc3 20. Rxf8+ Rxf8 21. Qa6 Qxa1+ 22. Kh2 Qe5+ 23. Kh1 c5 24. Qd3 c4 25. Qd1 Qf5 26. Kg1 Qf2+ 27. Kh2 Qf1 28. Qh5 Qc1 29. Qg4 Re8 30. Qh5 Rf8 31. Qe2 Qf4+ 32. Kg1 e5 33. Qd1 d4 34. Qe2 Qe3+ 35. Qxe3 dxe3 36. g4 e2 37. Kg2 e1=Q 38. Kh2 Qe3 39. Kh1 Qf2 40. c3 Rd8 41. h4 Rd1# 1-0

[Event "CAN-ch U10"]
[Site "Toronto CAN"]
[Date "1997.01.31"]
[Round "1"]
[White "Predescu, Sebastian"]
[Black "Walker, Sean"]
[Result "0-1"]
[WhiteElo "1545"]
[BlackElo "1288"]
[PlyCount "36"]
[GameId "2160767911966547"]
[EventDate "1997.01.31"]
[EventType "swiss"]
[EventRounds "5"]
[EventCountry "CAN"]
[SourceTitle "EXT 2002"]
[Source "ChessBase"]
[SourceDate "2001.11.25"]
[SourceVersion "1"]
[SourceVersionDate "2001.11.25"]
[SourceQuality "1"]

1. e4 e5 2. Nf3 Nc6 3. Bc4 Bc5 4. d3 d6 5. Nc3 Bg4 6. h3 Bh5 7. Be3 Bxe3 8. fxe3 Qd7 9. Qd2 O-O-O 10. O-O-O Bxf3 11. gxf3 Nf6 12. d4 Nh5 13. d5 Ne7 14. Rde1 f5 15. exf5 Nxf5 16. Be2 Nfg3 17. f4 Nxe2+ 18. Qxe2 Ng3 0-1

[Event "CAN-ch U10"]
[Site "Toronto CAN"]
[Date "1997.04.01"]
[Round "2"]
[White "Bobbitt, Neil"]
[Black "Miller, Max"]
[Result "0-1"]
[WhiteElo "737"]
[BlackElo "1488"]
[PlyCount "39"]
[GameId "2160767911966548"]
[EventDate "1997.01.31"]
[EventType "swiss"]
[EventRounds "5"]
[EventCountry "CAN"]
[SourceTitle "EXT 2002"]
[Source "ChessBase"]
[SourceDate "2001.11.25"]
[SourceVersion "1"]
[SourceVersionDate "2001.11.25"]
[SourceQuality "1"]

1. e4 e5 2. Nf3 Nc6 3. Bc4 Bc5 4. c3 Nf6 5. d4 exd4 6. cxd4 Bb6 7. Bg5 h6 8. Bxf6 Qxf6 9. e5 Qf4 10. Nc3 Nxd4 11. Nxd4 Bxd4 12. Qh5 Bxc3+ 13. bxc3 Qxc4 14. Qe2 Qxc3+ 15. Qd2 Qxa1+ 16. Qd1 Qxe5+ 17. Qe2 Qxe2+ 18. Kxe2 O-O 19. Rc1 c6 20. Kf1 0-1

[Event "CAN-ch U10"]
[Site "Toronto CAN"]
[Date "1997.04.01"]
[Round "2"]
[White "Buscar, Michael"]
[Black "Perecowicz, Jonathan"]
[Result "1-0"]
[WhiteElo "1689"]
[BlackElo "1215"]
[PlyCount "59"]
[GameId "2160767911966549"]
[EventDate "1997.01.31"]
[EventType "swiss"]
[EventRounds "5"]
[EventCountry "CAN"]
[SourceTitle "EXT 2002"]
[Source "ChessBase"]
[SourceDate "2001.11.25"]
[SourceVersion "1"]
[SourceVersionDate "2001.11.25"]
[SourceQuality "1"]

1. Nf3 d5 2. g3 Nc6 3. Bg2 e5 4. d3 f5 5. O-O Nf6 6. Nbd2 Bd6 7. c4 d4 8. Ne1 Bd7 9. a3 Qe7 10. b4 Qf7 11. c5 Be7 12. Bb2 O-O 13. Nc2 Rab8 14. e3 dxe3 15. Nxe3 a6 16. Rc1 Qg6 17. Re1 Rfe8 18. Nec4 Bd8 19. Nxe5 Nxe5 20. Bxe5 Ng4 21. Bb2 Bg5 22. Rb1 Bb5 23. Nf3 Rxe1+ 24. Nxe1 b6 25. Qb3+ Kh8 26. Nf3 Rd8 27. Nxg5 Qxg5 28. Re1 Bxd3 29. Qxd3 Qh5 30. Qxd8+ 1-0

[Event "CAN-ch U10"]
[Site "Toronto CAN"]
[Date "1997.04.01"]
[Round "2"]
[White "Fournier, Paul"]
[Black "Leung, Victor"]
[Result "0-1"]
[WhiteElo "865"]
[BlackElo "1085"]
[PlyCount "108"]
[GameId "2160767911966550"]
[EventDate "1997.01.31"]
[EventType "swiss"]
[EventRounds "5"]
[EventCountry "CAN"]
[SourceTitle "EXT 2002"]
[Source "ChessBase"]
[SourceDate "2001.11.25"]
[SourceVersion "1"]
[SourceVersionDate "2001.11.25"]
[SourceQuality "1"]

1. e4 d6 2. d4 Nf6 3. Nc3 c6 4. Nf3 Bg4 5. Be2 e6 6. Be3 Be7 7. Qd2 O-O 8. O-O Nfd7 9. h3 Bh5 10. e5 dxe5 11. dxe5 Bxf3 12. Bxf3 Nxe5 13. Qxd8 Nxf3+ 14. gxf3 Rxd8 15. Rad1 Rxd1 16. Rxd1 f6 17. Ne4 Na6 18. Nd6 Rd8 19. Bf4 e5 20. Be3 Bxd6 21. Bxa7 e4 22. fxe4 Bh2+ 23. Kxh2 Rxd1 24. c3 Rd2 25. Bd4 Rxb2 26. a3 c5 27. Be3 Rb3 28. c4 Rxa3 29. Kg3 Ra4 30. Kg4 Rxc4 31. Kf5 b5 32. Ke6 Rxe4+ 33. Kd6 Rxe3 34. fxe3 b4 35. e4 b3 36. h4 b2 37. h5 b1=Q 38. h6 Qd1+ 39. Ke6 Nc7+ 40. Ke7 Qg4 41. Kd6 Qe6+ 42. Kxc5 Qxe4 43. hxg7 Kxg7 44. Kd6 Qe5+ 45. Kc6 Qd4 46. Kxc7 Qd5 47. Kb6 Qc4 48. Kb7 Qc5 49. Ka6 Qb4 50. Ka7 Qb5 51. Ka8 Kf7 52. Ka7 Ke7 53. Ka8 Kd7 54. Ka7 Kc7 0-1

[Event "CAN-ch U10"]
[Site "Toronto CAN"]
[Date "1997.04.01"]
[Round "2"]
[White "Predescu, Sebastian"]
[Black "Sharp, Nigel"]
[Result "1-0"]
[WhiteElo "1545"]
[BlackElo "1457"]
[PlyCount "53"]
[GameId "2160767911966551"]
[EventDate "1997.01.31"]
[EventType "swiss"]
[EventRounds "5"]
[EventCountry "CAN"]
[SourceTitle "EXT 2002"]
[Source "ChessBase"]
[SourceDate "2001.11.25"]
[SourceVersion "1"]
[SourceVersionDate "2001.11.25"]
[SourceQuality "1"]

1. e4 c5 2. Nf3 d6 3. d4 cxd4 4. Nxd4 Nf6 5. Nc3 g6 6. Be3 Bg7 7. f3 O-O 8. Qd2 Nc6 9. O-O-O Nxd4 10. Bxd4 Be6 11. Be3 Qc8 12. Bh6 Bxh6 13. Qxh6 Qc7 14. g4 Rfc8 15. Bd3 b5 16. Kb1 b4 17. Na4 Bc4 18. Bxc4 Qxc4 19. Rd2 Rab8 20. h4 Qb5 21. b3 Qe5 22. h5 Rb5 23. hxg6 fxg6 24. Re2 Qg5 25. Qh2 Rb7 26. Rg2 d5 27. f4 1-0

[Event "CAN-ch U10"]
[Site "Toronto CAN"]
[Date "1997.04.01"]
[Round "2"]
[White "Ramaswamy, Kishor"]
[Black "Walker, Sean"]
[Result "1/2-1/2"]
[WhiteElo "1348"]
[BlackElo "1288"]
[PlyCount "109"]
[GameId "2160767911966552"]
[EventDate "1997.01.31"]
[EventType "swiss"]
[EventRounds "5"]
[EventCountry "CAN"]
[SourceTitle "EXT 2002"]
[Source "ChessBase"]
[SourceDate "2001.11.25"]
[SourceVersion "1"]
[SourceVersionDate "2001.11.25"]
[SourceQuality "1"]

1. e4 e5 2. Nf3 Nc6 3. Nc3 Bc5 4. Bb5 d6 5. d3 Bg4 6. O-O Qd7 7. Nd5 O-O-O 8. b4 Bd4 9. c3 Bb6 10. a4 a6 11. a5 Bxf2+ 12. Rxf2 axb5 13. a6 bxa6 14. Rxa6 Qe6 15. Rxc6 Rd7 16. Ra6 c6 17. Nb6+ Kb7 18. Rfa2 Rc7 19. Ra7+ Kb8 20. Rxc7 Kxc7 21. Na8+ Kb7 22. Qc2 Bxf3 23. gxf3 Nf6 24. Qg2 Nh5 25. Ra1 Rxa8 26. Rxa8 Kxa8 27. Qg5 g6 28. f4 Nxf4 29. Bxf4 exf4 30. Qxf4 h5 31. Qf3 Kb7 32. Kf2 Kc7 33. Ke3 f5 34. Kf4 Kd7 35. Kg5 Ke7 36. exf5 Qf6+ 37. Kh6 gxf5+ 38. Kxh5 Qxc3 39. Qxf5 Qh8+ 40. Kg5 Qg7+ 41. Qg6 Qe5+ 42. Qf5 Qe3+ 43. Kg6 Qg1+ 44. Qg5+ Qxg5+ 45. Kxg5 Kf7 46. Kf5 Ke7 47. h4 Kf7 48. h5 c5 49. bxc5 dxc5 50. Ke4 b4 51. Ke3 Kg7 52. d4 cxd4+ 53. Kxd4 Kh6 54. Kc4 Kxh5 55. Kxb4 1/2-1/2

[Event "CAN-ch U10"]
[Site "Toronto CAN"]
[Date "1997.04.01"]
[Round "3"]
[White "Bobbitt, Neil"]
[Black "Fournier, Paul"]
[Result "1-0"]
[WhiteElo "737"]
[BlackElo "865"]
[PlyCount "72"]
[GameId "2160767911966553"]
[EventDate "1997.01.31"]
[EventType "swiss"]
[EventRounds "5"]
[EventCountry "CAN"]
[SourceTitle "EXT 2002"]
[Source "ChessBase"]
[SourceDate "2001.11.25"]
[SourceVersion "1"]
[SourceVersionDate "2001.11.25"]
[SourceQuality "1"]

1. e4 e5 2. Nf3 Nc6 3. Bc4 Bc5 4. c3 Nf6 5. d4 exd4 6. cxd4 Bb4+ 7. Bd2 Bxd2+ 8. Nbxd2 d6 9. O-O Bg4 10. h3 Bxf3 11. Nxf3 O-O 12. Re1 Re8 13. e5 dxe5 14. dxe5 Qxd1 15. Raxd1 Nh5 16. Ng5 Rxe5 17. Rxe5 Nxe5 18. Bb3 g6 19. Rd5 Re8 20. Bd1 Nc6 21. Rd7 Nf6 22. Rxc7 Re1+ 23. Kh2 Rxd1 24. Rxb7 Rd2 25. Rxf7 Ne5 26. Re7 Nc6 27. Re6 Ne4 28. Nxe4 Nd4 29. Rd6 Rd1 30. Nc3 Rd3 31. Ne4 Kf8 32. Ra6 Nb5 33. Ra5 Rd7 34. Rxb5 Kg7 35. Nc5 Rd1 36. Rb7+ Kh6 1-0

[Event "CAN-ch U10"]
[Site "Toronto CAN"]
[Date "1997.04.01"]
[Round "3"]
[White "Miller, Max"]
[Black "Predescu, Sebastian"]
[Result "0-1"]
[WhiteElo "1488"]
[BlackElo "1545"]
[PlyCount "61"]
[GameId "2160767911966554"]
[EventDate "1997.01.31"]
[EventType "swiss"]
[EventRounds "5"]
[EventCountry "CAN"]
[SourceTitle "EXT 2002"]
[Source "ChessBase"]
[SourceDate "2001.11.25"]
[SourceVersion "1"]
[SourceVersionDate "2001.11.25"]
[SourceQuality "1"]

1. e4 e5 2. Nf3 Nc6 3. Bc4 Bc5 4. O-O d6 5. h3 Nf6 6. Nc3 Be6 7. Bxe6 fxe6 8. d3 Qe7 9. a3 O-O 10. Bg5 Qf7 11. Bxf6 Qxf6 12. Ne2 Qg6 13. Ng3 Qxg3 14. b4 Bb6 15. d4 Bxd4 16. Nxd4 Qg6 17. Nxc6 bxc6 18. f3 Qg3 19. Qd3 Qg6 20. Qc3 Qe8 21. Qc4 Qd7 22. Rad1 Rf6 23. a4 d5 24. Qb3 Qf7 25. exd5 exd5 26. Rde1 Re8 27. b5 cxb5 28. axb5 e4 29. Kh1 Re5 30. Rg1 Re7 31. Qb4 0-1

[Event "CAN-ch U10"]
[Site "Toronto CAN"]
[Date "1997.04.01"]
[Round "3"]
[White "Ramaswamy, Kishor"]
[Black "Buscar, Michael"]
[Result "1/2-1/2"]
[WhiteElo "1348"]
[BlackElo "1689"]
[PlyCount "135"]
[GameId "2160767911966555"]
[EventDate "1997.01.31"]
[EventType "swiss"]
[EventRounds "5"]
[EventCountry "CAN"]
[SourceTitle "EXT 2002"]
[Source "ChessBase"]
[SourceDate "2001.11.25"]
[SourceVersion "1"]
[SourceVersionDate "2001.11.25"]
[SourceQuality "1"]

1. e4 c5 2. Nf3 Nc6 3. Nc3 d6 4. d4 cxd4 5. Nxd4 Nf6 6. Bb5 Bd7 7. O-O a6 8. Bxc6 Bxc6 9. f3 g6 10. Nce2 Bg7 11. a4 O-O 12. Nf4 Qb6 13. Kh1 Bd7 14. Nde2 Rac8 15. Nd3 Qa7 16. e5 dxe5 17. Nxe5 Be6 18. Bd2 Rfd8 19. Qc1 Qc5 20. Bc3 Nd5 21. Nd3 Qc7 22. Bxg7 Kxg7 23. Nd4 Qb6 24. Nxe6+ Qxe6 25. Re1 Qc6 26. c3 e6 27. Ne5 Qc7 28. Ng4 Qf4 29. Qxf4 Nxf4 30. Rad1 Nd3 31. Re2 Nxb2 32. Rxd8 Rxd8 33. h3 Nxa4 34. Rc2 Rc8 35. c4 b5 36. Ne3 Kf6 37. Kg1 h5 38. Kf2 Ke5 39. Ke2 b4 40. Rc1 b3 41. Nd1 Rc7 42. Rb1 b2 43. Kd3 Rd7+ 44. Kc2 Rd4 45. Kb3 Nc5+ 46. Kc3 a5 47. Nxb2 f6 48. Re1+ Ne4+ 49. Rxe4+ Rxe4 50. fxe4 Kxe4 51. c5 Kd5 52. Nc4 Kxc5 53. Nxa5 e5 54. Kd3 Kd5 55. Nb3 f5 56. Nd2 e4+ 57. Ke3 g5 58. Nf1 f4+ 59. Ke2 Kd4 60. g3 f3+ 61. Kf2 Kd3 62. Ne3 Kd2 63. g4 h4 64. Nf5 Kd3 65. Ne3 Kd2 66. Nf5 Kd3 67. Ne3 Kd2 68. Nf5 1/2-1/2